000
00304pam a2200133a 44500
008
230405s2017 xxu||||| |||| 00| 0 eng d
041
_a
ENG
100
_a
DR.B.S.KUCHEKAR
245
_a
FORENSIC PHARAMACY
250
_a
13
260
_a
_b
NIRALI PRAKASHAN PUNE
_c
2017
300
_a
19.2
906
_a
5102
999
_c
280373
_d
280373